|
|
|
|
| LEADER |
00000ny a22000003n 4500 |
| 005 |
20110511104738.0 |
| 008 |
091216s us 000 eng d |
| 022 |
|
|
|a 0009-6334
|
| 035 |
|
|
|a 2862
|
| 040 |
|
|
|d vLex
|
| 080 |
|
|
|a 2(05)
|
| 080 |
|
|
|a 23(05)
|
| 080 |
|
|
|a 34(05)
|
| 090 |
|
|
|c 1617
|d 1617
|
| 245 |
0 |
0 |
|a Church and State
|h [Recurso electrn̤ico]
|
| 246 |
3 |
|
|a Church & State
|
| 256 |
|
|
|a Servicio en ln̕ea
|
| 260 |
|
|
|a Estados Unidos :
|b Americans United for Separation of Church and State
|
| 310 |
|
|
|a Mensual
|
| 500 |
|
|
|a Variante de tt̕ulo: Church & State
|
| 506 |
1 |
|
|a Contenido solo disponible en los productos indicados
|d vLex Global
|d vLex Global (Academic Edition, excluding Law Schools)
|d vLex Global (Academic Edition, Law Schools)
|
| 650 |
0 |
4 |
|a Religin̤ y Estado
|
| 650 |
0 |
4 |
|a Teologa̕
|x Publicaciones perid̤icas
|
| 710 |
2 |
|
|a Americans United for Separation of Church and State
|
| 740 |
0 |
|
|a vLex Revista (Servicios en ln̕ea)
|
| 843 |
|
|
|a Electrn̤ica. Abierta
|
| 853 |
|
|
|8 1
|i (year)
|j (month)
|k (day)
|
| 856 |
4 |
0 |
|z Acceso restringido
|u http://vlex.com/account/login_ip?fuente_id=2862
|
| 942 |
|
|
|c REV
|
| 999 |
0 |
4 |
|a Religi ̤i Estat
|
| 999 |
0 |
4 |
|a Teologia
|